| 000 | 01623cam a22004217a 4500 | ||
|---|---|---|---|
| 001 | 000078177 | ||
| 003 | CHAP | ||
| 005 | 20220817043435.0 | ||
| 008 | 980427n199? cr r 10110 spa d | ||
| 010 | _a75412 | ||
| 011 | _a76384 | ||
| 035 | _a85968 | ||
| 040 | _cCHAP | ||
| 082 | 0 | 4 |
_a370.71 _bC8 |
| 111 | 0 | 0 |
_aCurso Internacional de Capacitación Docente para Profesores de Educación Agrícola Superior _n(1 : _d199? : _cTurrialba, C.R.) _930642 |
| 245 | 1 | 0 |
_aDocumentos de trabajo / _c/por Instituto Interamericano de Ciencias Agrícolas. |
| 260 |
_aTurrialba, C.R. : _bInstituto Interamericano de Ciencias Agrícolas, _c199?. |
||
| 300 | _ac. a. [238] p. | ||
| 500 | _aFotocopia | ||
| 590 |
_aBATCH-UPD _b10 _c20130110 _lUCH01 _h0723 |
||
| 590 |
_aBATCH-UPD _b10 _c20130410 _lUCH01 _h0407 |
||
| 590 |
_aBATCH-UPD _b10 _c20130914 _lUCH01 _h0839 |
||
| 590 |
_aCONVERSION _b10 _c20130109 _lUCH01 _h1341 |
||
| 590 |
_aE5765TAJ _b05 _c20150603 _lUCH01 _h1119 |
||
| 650 | 1 | 4 |
_aCapacitación. _918690 |
| 650 | 1 | 4 |
_aEducación agrícola _xCongresos. _935504 |
| 650 | 1 | 4 |
_aEducación agrícola _xFormación de profesores. _935519 |
| 650 | 1 | 4 | _aEducación superior. |
| 790 | _aLiderazgo centrado en principios | ||
| 790 | _aManual de mediciones y evaluación del rendimiento en los estudios | ||
| 790 | 0 | _aAvances para una tecnología del cambio en facultades de agronomía de ALC | |
| 790 | 0 | _aProfesor universitario latinoamericano : una crisis razonada | |
| 901 | _aBK | ||
| 905 | _aAlejandra Carrasco M. | ||
| 942 | _cLIBRO | ||
| 942 | _n0 | ||
| 949 |
_a630.71 C8 _bBC _cLIBRO _d33724002204644 _eLIBRO _h93187 _i85968 _sb |
||
| 999 |
_c75412 _d75412 |
||